Countries Bordering Countries of Different Size - Statistics

General Stats
  • This quiz has been taken 109 times
  • The average score is 20 of 27
Answer Stats
# B CLOSER RATIO COUNTRY % Correct
1 684,855 Vatican City
96%
2 258 Liechtenstein
94%
1 4,940 San Marino
94%
3 12 Luxembourg
93%
2 1,081 Andorra
90%
1 317,168 Monaco
89%
1 40 Lesotho
86%
1 17 Gambia
82%
2 46 Swaziland
81%
2 22 Nepal
80%
2 7.2 Qatar
80%
2 82 Bhutan
79%
1 128 East Timor
75%
1 8.3 Denmark
73%
2 15 Uruguay
73%
1 57 Brunei
71%
3 5.1 Djibouti
70%
2 25 Kuwait
64%
2 7.0 Moldova
63%
2 10 Equatorial Guinea
62%
1 5.5 Portugal
60%
2 11 Tunisia
60%
3 6.4 Malawi
57%
2 5.2 El Salvador
54%
2 5.4 Guinea-Bissau
50%
3 5.1 Eritrea
45%
2 6.2 Mongolia
45%
No matching quizzes found
Score Distribution
Percent of People with Each Score
Percentile by Number Answered
Your Score History
You have not taken this quiz